UM Logo

Preparing health and physical education teachers to become trauma invested : (Record no. 22516)

MARC details
000 -LEADER
fixed length control field 01023nam a22002297a 4500
003 - CONTROL NUMBER IDENTIFIER
control field OSt
005 - DATE AND TIME OF LATEST TRANSACTION
control field 20250822143046.0
008 - FIXED-LENGTH DATA ELEMENTS--GENERAL INFORMATION
fixed length control field 241011b |||||||| |||| 00| 0 eng d
040 ## - CATALOGING SOURCE
Transcribing agency 0
082 ## - DEWEY DECIMAL CLASSIFICATION NUMBER
Classification number DPer 613.705 J826 January-December 2020 v. 91 n. 1-9
100 ## - MAIN ENTRY--PERSONAL NAME
Personal name Sutherland, Sue.
Relator term author.
9 (RLIN) 62857
245 ## - TITLE STATEMENT
Title Preparing health and physical education teachers to become trauma invested :
Remainder of title responding to trauma in and through physical education /
Statement of responsibility, etc. Sue Sutherland and Melissa Parker.
260 ## - PUBLICATION, DISTRIBUTION, ETC. (IMPRINT)
Place of publication, distribution, etc. Virginia ;
Name of publisher, distributor, etc. American Alliance for Health ,
Date of publication, distribution, etc. November-December 2020.
300 ## - PHYSICAL DESCRIPTION
Extent Volume 91, pages 16-21 :
Other physical details illustration ;
Dimensions 28 cm.
500 ## - GENERAL NOTE
General note The Journal of Physical Education Recreation & Dance, vol. 91, no. 9, pages 16-21, November-December 2020.
650 #0 - SUBJECT ADDED ENTRY--TOPICAL TERM
Topical term or geographic name as entry element Cooperative learning.
9 (RLIN) 18575
650 #0 - SUBJECT ADDED ENTRY--TOPICAL TERM
Topical term or geographic name as entry element Teacher-student relationship.
9 (RLIN) 48652
650 #0 - SUBJECT ADDED ENTRY--TOPICAL TERM
Topical term or geographic name as entry element Elementary school students.
9 (RLIN) 64906
700 ## - ADDED ENTRY--PERSONAL NAME
Personal name Sutherland, Sue.
Relator term author.
9 (RLIN) 62857
700 ## - ADDED ENTRY--PERSONAL NAME
Personal name Parker, Melissa.
Relator term author.
9 (RLIN) 59935
942 ## - ADDED ENTRY ELEMENTS (KOHA)
Source of classification or shelving scheme Dewey Decimal Classification
Koha item type Periodicals
Holdings
Withdrawn status Lost status Source of classification or shelving scheme Damaged status Not for loan Collection code Home library Current library Date acquired Total Checkouts Full call number Date last seen Price effective from Koha item type Public note
    Dewey Decimal Classification     Periodicals UM Digos College - LIC UM Digos College - LIC 10/11/2024   DPer 613.705 J826 January-December 2020 v. 91 n. 1-9 10/11/2024 10/11/2024 Periodicals Periodical Article